| 000 | 00966 a2200181 4500 | ||
|---|---|---|---|
| 003 | Nust | ||
| 005 | 20230525114834.0 | ||
| 020 | _a0861639480 | ||
| 040 | _cNust | ||
| 082 | _a823, BLY | ||
| 100 |
_aEnid, Blyton _911706 |
||
| 245 |
_aThe family at red-roofs _cEnid Blyton |
||
| 260 |
_aHungray _bAward pub _c1999 |
||
| 300 | _a241,p.; | ||
| 505 | _aThe House On The Hill (Page-7), Moving In(Page-17), Settling Down(Page-27),Jenny Wren (Page-39),Bundle (Page-54),Penny Comes To Tea (Page-63), End Of Term(Page-74), Unexpected News(Page-88),A Horrid Day (Page-101),Here Is The News (Page-114),New Plans (Page-126),Peter Gets A Job (Page-139),Molly Finds A Job Too (Page-150),Off To Work (Page-160),Clock-Mender And Errand-Girl (Page-174), Busy Day(Page-185),August Goes By (Page-196),Breaking The News (Page-207),Trouble For Penny (Page-217),Jackdaw Springs A Surprise (Page-227), All Together Again (Page-241). | ||
| 650 |
_aRed Roofs _9112584 |
||
| 942 |
_2ddc _cBK |
||
| 999 |
_c178832 _d178832 |
||